000 03615cam a22006734i 4500
003 PE-LiUPU
005 20250731180050.0
008 150706s r 000 0 d
020 _a9788498605549
035 _a(Sirsi) i9788498605549
040 _aPE-LiUPU
_bspa
_cPE-LiUPU
_erda
049 _aPRUA
082 0 4 _a577.14
_bF52
_221
100 1 _aFigueruelo, Juan E.,
_eautor.
245 1 0 _aIntroducción a la química-física para las ciencias ambientales /
_cJuan E. Figueruelo y Luis M. León.
264 1 _a[Bilbao] :
_bUniversidad del País Vasco, Servicio Editorial = Euskal Herriko Unibertsitatea, Argitalpen Zerbitzua,
_cD.L. 2011.
300 _aXIV, 566 páginas :
_bilustraciones ;
_c24 centímetros.
336 _atext
_2rdacontent
337 _aunmediated
_2rdamedia
338 _avolume
_2rdacarrier
505 0 _aLa velocidad del cambio químico -- La velocidad del cambio químico II -- Fotoquímica y la capa de ozono -- Catálisis -- Termodinámica química -- Termoquímica y calentamiento global -- Espontaneidad y equilibrio -- El equilibrio en las reacciones químicas -- Disoluciones -- disoluciones de electrolitos -- Electroquímica.
526 _aSEG44
526 _aSEG26
526 _aP159
526 _aP155
526 _aP154
526 _aP153
526 _aP150
526 _aP100
526 _aP31
526 _aP30
526 _aP26
526 _aP25
526 _aP24
526 _aP22
526 _aP15
526 _aP10
541 _g015-0015487;
541 _g015-0016193;
541 _g015-0016193;
541 _g015-0016193;
650 0 4 _aQuímica ambiental.
_91953
650 0 4 _aQuímica física.
700 1 _aLeón, Luis M.,
_eautor.
910 _agl
_cng
_d20130725
942 _2ddc
_cBOOK
949 _a577.14 F52
_wDEWEY
_c1
_i68255
_lCCODEBUL1
_mBUL
_p46.00
_r0
_sY
_tBOOK
_u2015-7-6
_xINGENIERIA
_PP24
_0COMPRA
_o.STAFF. Colección General
949 _a577.14 F52
_wDEWEY
_c2
_i69198
_lCCODEBUL1
_mBUL
_p46.00
_r0
_sY
_tBOOK
_u2015-7-6
_xINGENIERIA
_PP24
_0COMPRA
_o.STAFF. Colección General
949 _a577.14 F52
_wDEWEY
_c3
_i69199
_lCCODEBUL1
_mBUL
_p46.00
_r0
_sY
_tBOOK
_u2015-7-6
_xINGENIERIA
_PP24
_0COMPRA
_o.STAFF. Colección General
949 _a577.14 F52
_wDEWEY
_c4
_i73182
_lCCODEBUL1
_mBUL
_p46.00
_r0
_sY
_tBOOK
_u2016-5-24
_xINGENIERIA
_PP24
_0COMPRA
_o.STAFF. Colección general
949 _a577.14 F52
_wDEWEY
_c5
_i70939
_lCATALOGING
_mBUL
_p46.00
_r0
_sY
_tBOOK
_u2016-9-13
_xINGENIERIA
_PP24
_0COMPRA
_o.STAFF. Colección FIA
994 _aC0
_bPEPRU
596 _a1
999 _a577.14 F52
_wDEWEY
_c5539
_i68255
_f2021-11-5
_g7
_lCCODEBUL1
_mBUL
_p46.00
_r0
_sN
_tBOOK
_u2015-7-6
_xBIBLIOTECA
_PP24
_0COMPRA
_o.STAFF. Colección General
_d5539
999 _a577.14 F52
_wDEWEY
_c2
_i69198
_f2021-11-5
_g7
_lCCODEBUL1
_mBUL
_p46.00
_r0
_sN
_tBOOK
_u2015-7-6
_xBIBLIOTECA
_PP24
_0COMPRA
_o.STAFF. Colección General
999 _a577.14 F52
_wDEWEY
_c3
_i69199
_f2021-11-9
_g7
_lCCODEBUL1
_mBUL
_p46.00
_r0
_sY
_tBOOK
_u2015-7-6
_xINGENIERIA
_PP24
_0COMPRA
_o.STAFF. Colección General
999 _a577.14 F52
_wDEWEY
_c4
_i73182
_d2017-9-3
_e2017-8-31
_f2021-11-9
_g7
_lCCODEBUL1
_mBUL
_n1
_p46.00
_r0
_sY
_tBOOK
_u2016-5-24
_xINGENIERIA
_PP24
_0COMPRA
_o.STAFF. Colección general
999 _a577.14 F52
_wDEWEY
_c5
_i70939
_f2021-11-9
_g7
_lCCODEBUL1
_mBUL
_p46.00
_r0
_sY
_tBOOK
_u2016-9-13
_xINGENIERIA
_PP24
_0COMPRA
_o.STAFF. Colección FIA
980 _81
_gALBERTO SANCHEZ Responsable de Automatización